Countries with Nuclear Weapons: True or False - Statistics

General Stats
  • This quiz has been taken 35 times
  • The average score is 11 of 12
Answer Stats
Question Answer % Correct
United States True
100%
Russia True
100%
Italy False
97%
China True
97%
North Korea True
97%
United Kingdom True
97%
Pakistan True
97%
Brazil False
94%
South Korea False
94%
India True
94%
Germany False
90%
Turkey False
87%
No matching quizzes found
Score Distribution
Percent of People with Each Score
Percentile by Number Answered
Your Score History
You have not taken this quiz